| 000 | 00455nam a2200193Ia 4500 | ||
|---|---|---|---|
| 005 | 20240823031857.0 | ||
| 008 | 240823s9999||||xx |||||||||||||| ||und|| | ||
| 020 | _a81-7992-049-6 | ||
| 041 | _aENGLISH | ||
| 082 | _A621.69 Q2 | ||
| 100 | _aBoard of Editors | ||
| 245 | 0 | _aPumps : Principles and Practice | |
| 250 | _a1st | ||
| 260 |
_c2012 _b"Jaico,B" _aMumbai |
||
| 500 | _aYES | ||
| 650 |
_aPumping _bMechanical |
||
| 942 | _cBK | ||
| 999 |
_c192115 _d192115 |
||